Produccin̤ y operaciones aplicadas a las PYME

Detalles Bibliográficos
Autor principal: Bello Přez, Carlos Još
Formato: eBook
Lenguaje:español
Publicado: Bogot:̀ Ecoe Ediciones S.A.S., 2019
Edición:4ta. edicin̤
Materias:
Acceso en línea:Acceso restringido

MARC

LEADER 00000nam a22000007a 4500
005 20220825222625.0
007 cr|||| |||
008 220825s2019 co |||||s|||| 00||0 spa d
020 |a 978-958-771-805-8 
035 |a 36981 
040 |a vLex 
090 |c 13842  |d 13842 
100 1 |a Bello Přez, Carlos Još 
245 1 0 |a Produccin̤ y operaciones aplicadas a las PYME  |h [Recurso electrn̤ico] /  |c Carlos Jos ̌Bello Přez 
250 |a 4ta. edicin̤ 
256 |a Servicio en ln̕ea 
260 |a Bogot:̀  |b Ecoe Ediciones S.A.S.,  |c 2019 
300 |a 1 recurso electrn̤ico 
500 |a La creciente automatizacin̤ de las organizaciones para la prestacin̤ de servicios o elaboracin̤ de productos, exige un mayor conocimiento sobre procesos, tiempos y capacidades tanto de equipos, y maquinarias como del personal. El x̌ito de la gestin̤ de operaciones, se basa en las buenas prc̀ticas y en el manejo de la informacin̤ de todo proceso orientado a la eficiencia, productividad y competitividad. En diez capt̕ulos el autor permite que el lector tenga una visin̤ global del r̀ea de produccin̤ o de operaciones y que pueda explorar sobre las tčnicas y herramientas que estǹ orientadas a obtener la eficiencia de los recursos empleados. Esta edicin̤ tiene por particularidad el empleo de los conceptos de Teora̕ de Restricciones y cm̤o se puede aplicar para obtener resultados que orienten a la productividad de las organizaciones. Dirigido a profesionales en Administracin̤ de Empresas, Ingenieros Industriales, de Alimentos, Tčnicos en procesos, Supervisores de produccin̤ o de operaciones y en general, a las personas relacionadas con procesos en organizaciones industriales o de servicios. 
506 1 |a Disponible solo en los productos indicados  |d vLex Global  |d vLex Global (Academic Edition, excluding Law Schools)  |d vLex Global (U.S. Academic Edition, Law Schools)  |d vLex Global (U.S. Academic Edition, excluding Law Schools)  |d vLex Global (Academic Edition, Law Schools) 
650 0 4 |a Economa̕ y negocios  |z Colombia 
740 0 |a vLex Libros (Servicio en ln̕ea) 
856 4 0 |u https://app.vlex.com/#/sources/36981  |z Acceso restringido 
942 |c BOOK 
999 0 |a Economy and business